000 nam a22 7a 4500
999 _c7160
_d7160
008 170725b xxu||||| |||| 00| 0 eng d
100 _93736
_aGoyal Arunesh
245 _aJava / J2ee Interview Questions
260 _aNew Delhi
_bKhanna Publishing
_c2013